Statistiche per I sei paesi più vicini: San Marino

Clicka qui per fare il quiz!

Statistiche generali

  • Questo quiz è stato fatto 19 volte
  • Il punteggio medio è 4 su 6

Statistiche sulle risposte

kmpaese% Corretto
0Italia
100%
221Città del
Vaticano
92%
141Croazia
92%
186Slovenia
83%
259Francia
33%
271Bosnia e
Erzegovina
0%

Distribuzione punteggi

Percentile per numero di risposta

Percentuale di utenti per punteggio

I tuoi punteggi nel tempo

Non hai fatto questo quiz